Ekonomika zvárania 1. časť

Bibliographic Details
Main Author: Kalás, Vladimír (Author)
Format: Book
Language:Slovak
PhysicalDescription:111 strán tabuľky 28 cm
Published: Bratislava Slovenské vydavateľstvo technickej literatúry 1962
Edition:1. vyd.
Series:Edícia strojárskej literatúry
Subjects:

MARC

LEADER 00000cam a2200000 a 4500
001 vtls001401739
003 SK-MaSNL
005 20260301201945.0
008 180129s1962 xo l frfn 00000 slo
015 |a SNBA1962 
020 |q (brožované) 
035 |a SNK000356250 
040 |a SNK  |b slo  |c SNK  |e AACR2 
041 0 |a slo 
043 |a e-xo--- 
044 |a xo  |c SK 
072 7 |a 621  |x Strojárstvo  |2 konspekt 
072 7 |a 33  |x Ekonómia  |2 konspekt 
080 |a 621.791  |2 2011 
080 |a 33  |2 2011 
080 |a (035)  |2 2011 
100 1 |a Kalás, Vladimír  |4 aut  |9 424135 
245 1 0 |a Ekonomika zvárania  |n 1. časť  |c Vladimír Kalás 
250 |a 1. vyd. 
260 |a Bratislava  |b Slovenské vydavateľstvo technickej literatúry  |c 1962 
300 |a 111 strán  |b tabuľky  |c 28 cm 
366 |e 400 kusov 
490 1 |a Edícia strojárskej literatúry 
500 |a Vydal Výskumný ústav zváračský, Bratislava 
500 |a Určené pre internú potrebu Výskumného ústavu zváračského v Bratislave 
504 |a Obsahuje bibliografiu 
650 0 7 |a zváranie  |2 SNKPH  |9 1839 
650 0 7 |a zváracia technika  |2 SNKPH  |9 68011 
650 0 7 |a ekonomika  |2 SNKPH  |9 789 
650 0 7 |a ekonomika zvárania  |2 SNKPH  |9 583285 
655 7 |a príručky  |2 SNKPH  |9 74364 
710 2 |a Výskumný ústav zváračský (Bratislava, Slovensko)  |4 pbl  |9 32791 
830 0 |a Edícia strojárskej literatúry  |9 266612 
958 |a RK 
958 |a TL 
958 |a OND 
958 |a NB 
958 |a RM 
999 |c 896973  |d 898903 
952 |a SNK  |b SNK  |y PREZ  |7 0  |p 17A0259897  |o snkSB 9627/1  |i snkKSP 7420/62  |0 0  |1 0  |4 0  |d 2000-11-30  |f 1  |l 0  |r 2025-03-04 00:00:00  |w 2026-02-24 
952 |t P60, <04>, [BOOK], {604}  |a SNK  |b SNK  |y VYP  |7 0  |p 17A0259899  |o snkSB 9627/1 D1  |i snkKSP 7421/62  |0 0  |1 0  |4 0  |d 2000-11-30  |l 0  |r 2005-01-02 00:00:00  |w 2026-02-24